Statistics for Which City in France?

Click here to take the quiz!

General Stats

  • This quiz has been taken 11,450 times
  • The average score is 15 of 22

Answer Stats

Description City % Correct
Capital of FranceParis
100%
Largest French city on the MediterraneanMarseille
93%
Hosts Europe's most well-known film festivalCannes
92%
Most populous city on the RivieraNice
92%
There's a "new" one in AmericaOrleans
86%
A famous type of mustard comes from hereDijon
83%
City that shares the name of France's most famous palaceVersailles
82%
This city's "Fête des Lumières" draws 3-4 million visitors each DecemberLyon
79%
Closest French town to Great BritainCalais
79%
The wine capital of the worldBordeaux
76%
Home to the EU ParliamentStrasbourg
72%
British troops evacuated from here in 1940Dunkirk
70%
Capital of France, 1940-44Vichy
66%
Home to Airbus, it is known as "The Pink City"Toulouse
62%
This town holds a 24 hour auto raceLe Mans
57%
Large city near the border with BelgiumLille
56%
Home to the papacy in the 1300sAvignon
53%
Its name means "The Harbour"Le Havre
52%
Largest city on CorsicaAjaccio
43%
Monet painted this northern city's cathedralRouen
42%
Capital of French GuianaCayenne
35%
Capital of French Polynesia, on the island of TahitiPapeete
27%

Score Distribution

Percentile by Number Answered

Percent of People with Each Score

Your Score History

You have not taken this quiz